=LDR 00000nam 2200000 4500 =001 INLIS000000000002264 =005 20130612090621 =008 ***********************************Ind** =035 ##$$0010-061300000002264 =041 ##$$a Ind =082 ##$$a 923.2 =090 ##$$a 923.2, Chr n =100 ##$$a Chrusjtjov,N.S =245 ##$$a N.S. Chrusjtjov (riwayat hidup singkat), N.S. Chrusjtjov =260 ##$$a [19-?] $b Jakarta =300 ##$$a 55 hlm, ilus, 21 cm =650 ##$$a Politik,Ahli =650 ##$$a Biografi =850 ##$$a NBPNMAT